[Event "Slovak op"]
[Site "Skalica SVK"]
[Date "2024.08.10"]
[Round "9.6"]
[White "Ivanov, Mike"]
[Black "Paseka, Matyas"]
[Result "1/2-1/2"]
[WhiteElo "2364"]
[BlackElo "2281"]
[WhiteFideId "-1"]
[WhiteFideId "-1"]
[PlyCount "166"]
[GameId "2130307540503909"]
[EventDate "2024.08.03"]
[EventType "swiss"]
[EventRounds "9"]
[EventCountry "SVK"]
[SourceTitle "10 Days #768"]
[Source "ChessMix"]
[SourceDate "2024.08.20"]
[SourceVersion "1"]
[SourceVersionDate "2024.08.20"]
[SourceQuality "1"]

1. Nf3 Nf6 2. g3 g6 3. d4 Bg7 4. Bg2 d6 5. O-O O-O 6. a4 c6 7. a5 Na6 8. Re1 d5 9. Bf4 Bf5 10. c3 Ne4 11. Nbd2 Nd6 12. Qb3 Nc7 13. h3 h5 14. Ne5 Qc8 15. Kh2 Be6 16. Nd3 Ne4 17. Qa3 Nxd2 18. Bxd2 Re8 19. Nc5 Bf5 20. e4 dxe4 21. Nxe4 Bxe4 22. Rxe4 e6 23. Qb3 a6 24. Rd1 Rd8 25. Re2 Nb5 26. Bg5 Rd7 27. Qc2 Qc7 28. Ra1 Re8 29. Bf4 Qd8 30. h4 Bf6 31. Kg1 Kg7 32. b4 Qc8 33. Rd1 Kh7 34. Rd3 Qd8 35. Red2 Qe7 36. Qd1 Red8 37. Be4 Kg7 38. Qe2 Nd6 39. Bg2 Nb5 40. Re3 Qf8 41. Bh3 Qh8 42. Red3 Kg8 43. Qd1 Kh7 44. Be3 Qg7 45. Kh2 Qh8 46. Bf4 Qg7 47. Rf3 Kg8 48. Qe1 Re8 49. Rdd3 Qh8 50. Bc1 Bg7 51. Bb2 Nd6 52. Rd1 Nc4 53. Bc1 Nd6 54. Rfd3 Nb5 55. Qe2 Bf6 56. Qa2 Bg7 57. Re1 Kh7 58. Rf3 Qg8 59. Bf4 Qh8 60. Kh1 Rdd8 61. Kg2 Rd7 62. Kh2 Bf6 63. Qb1 Qg7 64. Qd1 Rdd8 65. Rd3 Rd7 66. Kh1 Red8 67. Qe2 Re7 68. Re3 Red7 69. Kh2 Re7 70. Rf3 Red7 71. Qa2 Re8 72. Bc1 Qh8 73. Re4 Bg7 74. Qc2 Nd6 75. Re2 Nb5 76. Qe4 Kg8 77. Kg1 Nd6 78. Qc2 Nb5 79. Re1 Bf6 80. Bf1 Nc7 81. Bc4 Red8 82. Re4 Bg7 83. Bf4 Nb5 1/2-1/2

[Event "Lindroth mem."]
[Site "Nassau BAH"]
[Date "2024.06.08"]
[Round "4.5"]
[White "Brown, Akeem"]
[Black "Ivanov, Mike"]
[Result "0-1"]
[WhiteElo "2025"]
[BlackElo "2363"]
[WhiteFideId "-1"]
[WhiteFideId "-1"]
[PlyCount "68"]
[GameId "2130307543328271"]
[EventDate "2024.06.06"]
[EventType "swiss"]
[EventRounds "9"]
[EventCountry "BAH"]

1. d4 Nf6 2. c4 e6 3. g3 c5 4. d5 exd5 5. cxd5 d6 6. Bg2 g6 7. Nc3 Bg7 8. Nf3 O-O 9. O-O Re8 10. Nd2 a6 11. a4 Nbd7 12. e4 Rb8 13. Nc4 Ne5 14. Nxe5 Rxe5 15. f4 Re8 16. a5 b6 17. axb6 Rxb6 18. h3 Nd7 19. Ra4 Rb4 20. Rxb4 cxb4 21. Na4 f5 22. exf5 gxf5 23. Re1 Nf6 24. Be3 Bd7 25. Kh2 Ne4 26. Bxe4 Rxe4 27. b3 Qe8 28. Bd2 Rxe1 29. Bxe1 Bxa4 30. bxa4 b3 31. Bb4 Qe4 32. Qxb3 Qe2+ 33. Kh1 Qf1+ 34. Kh2 Bd4 0-1

[Event "Lindroth mem."]
[Site "Nassau BAH"]
[Date "2024.06.08"]
[Round "5.4"]
[White "Ivanov, Mike"]
[Black "Melekhina, Alisa"]
[Result "1-0"]
[WhiteElo "2363"]
[BlackElo "2198"]
[WhiteFideId "-1"]
[WhiteFideId "-1"]
[PlyCount "137"]
[GameId "2130307543328275"]
[EventDate "2024.06.06"]
[EventType "swiss"]
[EventRounds "9"]
[EventCountry "BAH"]

1. Nf3 d6 2. d4 Nf6 3. g3 g6 4. Bg2 Bg7 5. O-O O-O 6. Re1 Nbd7 7. e4 e5 8. Nc3 h6 9. a4 a5 10. h3 Re8 11. Be3 c6 12. Qd2 Kh7 13. Rad1 Qc7 14. d5 cxd5 15. Nxd5 Nxd5 16. Qxd5 Nf6 17. Qxd6 Qxd6 18. Rxd6 Nxe4 19. Rb6 f5 20. Rd1 Nf6 21. Rdd6 Nd7 22. Rxg6 Nxb6 23. Rxb6 Rd8 24. Rb5 Bd7 25. Rxb7 Bxa4 26. Nxe5 Rab8 27. Ra7 Bxc2 28. Nc6 Rd1+ 29. Kh2 Rxb2 30. Bd4 Rxd4 31. Nxd4 Kh8 32. Ra8+ Kh7 33. Ra7 Kh8 34. Nxc2 Rxc2 35. Rxa5 Rxf2 36. Rd5 Kh7 37. Kg1 Rb2 38. Rxf5 Bd4+ 39. Kh2 Kg6 40. Rd5 Bc3 41. h4 Kf6 42. Rd6+ Kg7 43. Re6 Bd4 44. Kh3 Bf2 45. h5 Rb6 46. Bc6 Be3 47. Kg4 Bc1 48. Kf5 Rb2 49. Re7+ Kf8 50. Rd7 Bg5 51. Bd5 Rf2+ 52. Kg6 Rf6+ 53. Kh7 Ke8 54. Rg7 Rd6 55. Be4 Re6 56. Bg6+ Kd8 57. Rg8+ Kc7 58. Bf5 Rf6 59. Rxg5 hxg5 60. g4 Kd6 61. h6 Ke7 62. Kg7 Rf7+ 63. Kg6 Rf6+ 64. Kxg5 Rf8 65. h7 Kf7 66. Kh6 Kf6 67. Bb1 Rb8 68. Ba2 Ra8 69. Bg8 1-0

[Event "Lindroth mem."]
[Site "Nassau BAH"]
[Date "2024.06.10"]
[Round "8.5"]
[White "Ivanov, Mike"]
[Black "Lorne, Ras Malaku"]
[Result "1-0"]
[WhiteElo "2363"]
[BlackElo "2090"]
[WhiteFideId "-1"]
[WhiteFideId "-1"]
[PlyCount "85"]
[GameId "2130307543328294"]
[EventDate "2024.06.06"]
[EventType "swiss"]
[EventRounds "9"]
[EventCountry "BAH"]

1. Nf3 d5 2. g3 Nf6 3. Bg2 c6 4. O-O Bg4 5. h3 Bh5 6. d3 e6 7. Qe1 Bc5 8. e4 dxe4 9. dxe4 Nbd7 10. Nc3 Qc7 11. Kh1 h6 12. Nd2 g5 13. Nb3 Be7 14. f4 gxf4 15. Bxf4 e5 16. Be3 Bg6 17. a4 Bb4 18. Nb5 cxb5 19. Qxb4 Nxe4 20. Kh2 a5 21. Qxb5 Nd6 22. Qd5 Nf5 23. Bd2 O-O 24. Rf2 Kg7 25. Qxb7 Qd6 26. Bc3 Rab8 27. Qc6 Qe7 28. Rd1 Nf6 29. Re1 Rfc8 30. Qa6 Nd7 31. Qxa5 f6 32. Qa7 Nc5 33. Qxe7+ Nxe7 34. Nxc5 Rxc5 35. Rd2 Kf7 36. a5 Ke6 37. Red1 Be8 38. Rd6+ Kf7 39. Rf1 f5 40. a6 e4 41. Bxe4 Bc6 42. Bxc6 Nxc6 43. Rxh6 1-0

[Event "Candidates Blitz"]
[Site "Toronto CAN"]
[Date "2024.04.08"]
[Round "7.12"]
[White "Ivanov, Mike"]
[Black "Clyde, Jordan"]
[Result "1/2-1/2"]
[WhiteElo "2355"]
[BlackElo "2085"]
[WhiteFideId "-1"]
[WhiteFideId "-1"]
[PlyCount "87"]
[GameId "2160767906006064"]
[EventDate "2024.04.08"]
[EventType "swiss (blitz)"]
[EventRounds "9"]
[EventCountry "CAN"]
[SourceTitle "10 Days #756"]
[Source "ChessMix "]
[SourceDate "2024.04.20"]
[SourceVersion "1"]
[SourceVersionDate "2024.04.20"]
[SourceQuality "1"]

1. Nf3 d6 2. d4 g6 3. g3 Bg7 4. Bg2 e5 5. e4 exd4 6. Nxd4 Nc6 7. Nxc6 bxc6 8. O-O Ne7 9. Nc3 O-O 10. Be3 d5 11. Bd4 dxe4 12. Bxg7 Qxd1 13. Raxd1 Kxg7 14. Nxe4 Bg4 15. Rde1 Rfe8 16. Nc5 Nd5 17. Rxe8 Rxe8 18. h3 Bc8 19. a3 Re2 20. Rc1 Bf5 21. Na6 Rxc2 22. Rxc2 Bxc2 23. Bxd5 cxd5 24. Nxc7 Bb3 25. Kf1 Kf6 26. Ke2 Ke5 27. Kd2 f5 28. f3 g5 29. Nb5 Bc4 30. Nc3 Bf1 31. b4 Bxh3 32. Nb5 Bg2 33. Ke2 g4 34. f4+ Ke6 35. Nxa7 d4 36. Nb5 Kd5 37. Kd2 Bf1 38. Nc7+ Kd6 39. Ne8+ Ke7 40. Nc7 Kd6 41. Ne8+ Ke7 42. Nc7 Kd6 43. Ne8+ Ke7 44. Ng7 1/2-1/2

[Event "Candidates Blitz"]
[Site "Toronto CAN"]
[Date "2024.04.08"]
[Round "9.7"]
[White "Ivanov, Mike"]
[Black "Bareev, Evgeny"]
[Result "1/2-1/2"]
[WhiteElo "2355"]
[BlackElo "2611"]
[WhiteFideId "-1"]
[WhiteFideId "-1"]
[PlyCount "64"]
[GameId "2160767906006083"]
[EventDate "2024.04.08"]
[EventType "swiss (blitz)"]
[EventRounds "9"]
[EventCountry "CAN"]
[SourceTitle "10 Days #756"]
[Source "ChessMix "]
[SourceDate "2024.04.20"]
[SourceVersion "1"]
[SourceVersionDate "2024.04.20"]
[SourceQuality "1"]

1. Nf3 f5 2. d3 d6 3. e4 Nc6 4. exf5 Bxf5 5. d4 Nf6 6. Bd3 Qd7 7. O-O g6 8. c4 Bxd3 9. Qxd3 Qf5 10. Qxf5 gxf5 11. d5 Ne5 12. Nxe5 dxe5 13. Re1 Nd7 14. b3 Bg7 15. Bb2 Kf7 16. Nd2 Rhe8 17. Nf3 e4 18. Ng5+ Kg6 19. Bxg7 Kxg5 20. f3 e5 21. dxe6 Rxe6 22. fxe4 Rg8 23. Bc3 fxe4 24. Rad1 Nf6 25. Re3 Rge8 26. Rg3+ Kh6 27. Rf1 Nh5 28. Rh3 Kg6 29. Re3 Rd6 30. Rfe1 Rde6 31. Rf1 Rd6 32. Rfe1 Rde6 1/2-1/2

[Event "CAN-ch"]
[Site "Toronto CAN"]
[Date "2024.03.28"]
[Round "2.18"]
[White "Ivanov, Mike"]
[Black "Marin, Sam"]
[Result "1-0"]
[WhiteElo "2374"]
[BlackElo "2036"]
[WhiteFideId "-1"]
[WhiteFideId "-1"]
[PlyCount "53"]
[GameId "2160767906027174"]
[EventDate "2024.03.27"]
[EventType "swiss"]
[EventRounds "10"]
[EventCountry "CAN"]

1. Nf3 d5 2. g3 c5 3. Bg2 Nc6 4. d4 Nf6 5. O-O e6 6. c4 dxc4 7. Ne5 Nxe5 8. dxe5 Nd5 9. Na3 c3 10. bxc3 Nxc3 11. Qc2 Nd5 12. Rd1 Qc7 13. Nb5 Qc6 14. Nc3 Be7 15. Rxd5 exd5 16. Nxd5 Qd7 17. Bb2 O-O 18. Rd1 Qe6 19. Nc7 Qxa2 20. Ra1 Qxa1+ 21. Bxa1 Rb8 22. Nd5 Bd8 23. Be4 b5 24. Nf6+ gxf6 25. exf6 Rb6 26. Bxh7+ Kh8 27. Qxc5 1-0

[Event "CAN-ch"]
[Site "Toronto CAN"]
[Date "2024.03.29"]
[Round "4.19"]
[White "Ajith, Aayush"]
[Black "Ivanov, Mike"]
[Result "0-1"]
[WhiteElo "1959"]
[BlackElo "2374"]
[WhiteFideId "-1"]
[WhiteFideId "-1"]
[PlyCount "96"]
[GameId "2160767906027237"]
[EventDate "2024.03.27"]
[EventType "swiss"]
[EventRounds "10"]
[EventCountry "CAN"]

1. d4 Nf6 2. c4 c5 3. d5 e6 4. Nc3 exd5 5. cxd5 d6 6. Nf3 g6 7. Bf4 a6 8. a4 Bg7 9. h3 O-O 10. e3 Ne8 11. Bc4 Nd7 12. O-O b6 13. e4 Ne5 14. Nxe5 dxe5 15. Bh2 Nd6 16. Qe2 g5 17. Bd3 h6 18. g4 Qc7 19. b3 Qb7 20. Rab1 Bd7 21. b4 c4 22. Bc2 Rfc8 23. Qe3 f6 24. Kg2 Bf8 25. f3 Rab8 26. Bg1 Qc7 27. a5 b5 28. Qa7 Rb7 29. Qf2 Be8 30. h4 h5 31. hxg5 fxg5 32. Qg3 Qg7 33. gxh5 Bxh5 34. Bc5 Rf7 35. Bd1 Be7 36. Bxd6 Bxd6 37. Qh3 g4 38. fxg4 Bg6 39. Qg3 Rcf8 40. Bc2 Rf2+ 41. Qxf2 Rxf2+ 42. Kxf2 Qh6 43. Ke2 Qh2+ 44. Kd1 Qh4 45. Ke2 Qxg4+ 46. Kd2 Qg5+ 47. Ke2 Bh5+ 48. Kf2 Qd2+ 0-1

[Event "CAN-ch"]
[Site "Toronto CAN"]
[Date "2024.03.30"]
[Round "5.12"]
[White "Ivanov, Mike"]
[Black "Jodar Arias, Marlon"]
[Result "1/2-1/2"]
[WhiteElo "2374"]
[BlackElo "2209"]
[WhiteFideId "-1"]
[WhiteFideId "-1"]
[PlyCount "159"]
[GameId "2160767906027263"]
[EventDate "2024.03.27"]
[EventType "swiss"]
[EventRounds "10"]
[EventCountry "CAN"]

1. Nf3 Nf6 2. g3 g6 3. Bg2 Bg7 4. d4 d5 5. O-O O-O 6. c4 c6 7. a4 Ne4 8. a5 dxc4 9. Qc2 Nd6 10. Nbd2 Na6 11. Nxc4 Bf5 12. Qa4 Nxc4 13. Qxc4 Be4 14. Rd1 Qd5 15. b3 c5 16. Ba3 Rfd8 17. Rac1 cxd4 18. Bxe7 Qxc4 19. bxc4 Rd7 20. Ba3 Re8 21. e3 d3 22. Nd2 Bxg2 23. Kxg2 Rc8 24. Nb3 Bf8 25. Bb2 Nc5 26. Nd4 Na4 27. Ba1 Ba3 28. Rb1 Rxc4 29. Rxd3 Bf8 30. Rdd1 Nc5 31. Nb5 Rxd1 32. Rxd1 a6 33. Nd6 Ra4 34. Bc3 f5 35. Rd5 Bxd6 36. Rxd6 Ne4 37. Rd8+ Kf7 38. Be1 Ra1 39. Kf1 Nc5 40. Rd5 Rc1 41. Ke2 Ke6 42. Rd8 Rc2+ 43. Kf3 Ne4 44. g4 Ng5+ 45. Kf4 Nh3+ 46. Kg3 fxg4 47. Kxg4 Nxf2+ 48. Kf3 Nh3 49. Rb8 Rb2 50. Kg4 Ng1 51. Bg3 Rb5 52. Bc7 h5+ 53. Kg3 Ne2+ 54. Kf3 Nc1 55. Rd8 Nb3 56. Rd6+ Kf7 57. Rd7+ Ke8 58. Rg7 Rf5+ 59. Ke2 Nxa5 60. Bxa5 Rxa5 61. Rxb7 Rg5 62. h3 Kf8 63. Rb6 a5 64. e4 Kf7 65. Kf3 h4 66. Ra6 Ke7 67. Kf4 Rb5 68. Rxg6 Rb3 69. Rh6 Rxh3 70. Rh5 Rb3 71. Rh6 h3 72. Kf5 Rf3+ 73. Ke5 Rd3 74. Rh7+ Kf8 75. Kf6 Rf3+ 76. Ke6 Kg8 77. Rh4 Kg7 78. e5 Kg6 79. Rh8 Kg5 80. Kd6 1/2-1/2

[Event "CAN-ch"]
[Site "Toronto CAN"]
[Date "2024.03.30"]
[Round "6.13"]
[White "Derraugh, Geordie"]
[Black "Ivanov, Mike"]
[Result "0-1"]
[WhiteElo "2189"]
[BlackElo "2374"]
[WhiteFideId "-1"]
[WhiteFideId "-1"]
[PlyCount "74"]
[GameId "2160767906027296"]
[EventDate "2024.03.27"]
[EventType "swiss"]
[EventRounds "10"]
[EventCountry "CAN"]

1. d4 Nf6 2. c4 e5 3. dxe5 Ng4 4. e4 Nxe5 5. f4 Nec6 6. Nc3 Bc5 7. Na4 Bb4+ 8. Kf2 b6 9. a3 Be7 10. b4 d6 11. Be3 Nd7 12. Qd3 g5 13. g3 gxf4 14. gxf4 Bh4+ 15. Ke2 Nde5 16. fxe5 Nxe5 17. Qc2 Rg8 18. h3 Be6 19. Kd2 Qf6 20. Qc1 Rg3 21. Kc2 Bxc4 22. Be2 d5 23. Nc3 d4 24. Bxd4 O-O-O 25. Bxc4 Rxd4 26. Ba6+ Kb8 27. Nge2 Bg5 28. Qe1 Rd2+ 29. Qxd2 Bxd2 30. Kxd2 Nf3+ 31. Kc2 Nd4+ 32. Nxd4 Qxd4 33. Ne2 Qxe4+ 34. Kb2 Re3 35. Rhe1 b5 36. Nc3 Qg2+ 37. Kb3 Qd5+ 0-1

[Event "CAN-ch"]
[Site "Toronto CAN"]
[Date "2024.03.31"]
[Round "7.9"]
[White "Ivanov, Mike"]
[Black "Song, Ethan"]
[Result "1/2-1/2"]
[WhiteElo "2374"]
[BlackElo "2208"]
[WhiteFideId "-1"]
[WhiteFideId "-1"]
[PlyCount "139"]
[GameId "2160767906027323"]
[EventDate "2024.03.27"]
[EventType "swiss"]
[EventRounds "10"]
[EventCountry "CAN"]

1. Nf3 d5 2. g3 c6 3. Bg2 Bg4 4. h3 Bxf3 5. Bxf3 e5 6. d3 Nf6 7. O-O a5 8. a4 Bc5 9. e4 dxe4 10. dxe4 Qe7 11. Nd2 O-O 12. Qe2 Nbd7 13. Nc4 Rfd8 14. Bd2 Qe6 15. Kg2 Bb4 16. Be3 Bc5 17. Bd2 Bb4 18. Rfd1 Qe7 19. Be3 Bc5 20. Bxc5 Nxc5 21. Rxd8+ Rxd8 22. Nxa5 Rd4 23. Nc4 Qe6 24. Rd1 Nxa4 25. c3 Rxd1 26. Qxd1 b5 27. Qd8+ Qe8 28. Qxe8+ Nxe8 29. Nxe5 c5 30. b3 Nxc3 31. Nd3 c4 32. bxc4 bxc4 33. Nb2 Nf6 34. e5 Nd7 35. Nxc4 f6 36. exf6 Nxf6 37. Bc6 Ne2 38. Ne5 Nd4 39. Bb7 g6 40. f4 Kg7 41. Kf2 Nf5 42. g4 Nd6 43. Bc6 Ng8 44. Ke3 Ne7 45. Bf3 Kf6 46. Nd7+ Kg7 47. Kd4 Nf7 48. Be2 h5 49. Bc4 hxg4 50. hxg4 Nh6 51. Be6 g5 52. fxg5 Nxg4 53. Ke4 Nf2+ 54. Kf4 Nd3+ 55. Kg4 Nf2+ 56. Kh5 Ne4 57. Ba2 Ng8 58. Ne5 Ne7 59. Kg4 Nc3 60. Bb3 Ne4 61. Kf4 Nc5 62. Bc2 Nd5+ 63. Kg3 Ne3 64. Bb1 Ne6 65. Kf3 Nd5 66. g6 Nf8 67. Kg4 Ne7 68. Kg5 Nfxg6 69. Nxg6 Nxg6 70. Bxg6 1/2-1/2

[Event "CAN-ch"]
[Site "Toronto CAN"]
[Date "2024.04.01"]
[Round "8.10"]
[White "Latorre, Vincent"]
[Black "Ivanov, Mike"]
[Result "0-1"]
[WhiteElo "2181"]
[BlackElo "2374"]
[WhiteFideId "-1"]
[WhiteFideId "-1"]
[PlyCount "64"]
[GameId "2160767906035546"]
[EventDate "2024.03.27"]
[EventType "swiss"]
[EventRounds "10"]
[EventCountry "CAN"]

1. e4 d5 2. exd5 Nf6 3. d4 Nxd5 4. c4 Nb6 5. Nc3 e5 6. d5 Bb4 7. Bd2 c6 8. Nf3 O-O 9. Be2 Bg4 10. Nxe5 Bxe2 11. Nxe2 Bxd2+ 12. Qxd2 Qe7 13. dxc6 Na6 14. cxb7 Rae8 15. c5 Nxc5 16. b8=Q Rxb8 17. Nc6 Qe4 18. Nxb8 Nd3+ 19. Kf1 Nc4 20. Qg5 Re8 21. h4 Qxe2+ 22. Kg1 Rxb8 23. Qg3 Re8 24. Kh2 Ncxb2 25. a4 h5 26. Rhf1 Nc4 27. f3 Re6 28. Qb8+ Kh7 29. Qb5 Rg6 30. Rg1 Nce5 31. Qd5 Qf2 32. Qe4 Qg3+ 0-1

[Event "CAN-ch"]
[Site "Toronto CAN"]
[Date "2024.04.01"]
[Round "9.6"]
[White "Ivanov, Mike"]
[Black "Dukic, Zachary"]
[Result "1/2-1/2"]
[WhiteElo "2374"]
[BlackElo "2266"]
[WhiteFideId "-1"]
[WhiteFideId "-1"]
[PlyCount "171"]
[GameId "2160767906035571"]
[EventDate "2024.03.27"]
[EventType "swiss"]
[EventRounds "10"]
[EventCountry "CAN"]

1. Nf3 c5 2. g3 Nc6 3. Bg2 g6 4. O-O Bg7 5. e3 d5 6. c4 dxc4 7. Qa4 Bf5 8. Rd1 Bd3 9. Nc3 Qa5 10. Qxa5 Nxa5 11. Ne1 Rd8 12. Nxd3 cxd3 13. Rb1 Nh6 14. b4 cxb4 15. Rxb4 O-O 16. Rb5 b6 17. Ba3 Rfe8 18. Nd5 Rd7 19. Rc1 e6 20. Nf4 Rdd8 21. Bb4 Rc8 22. Rxc8 Rxc8 23. Bxa5 bxa5 24. Nxd3 a4 25. Ra5 Rc4 26. Rxa7 Bf8 27. Ra6 a3 28. Rc6 Ra4 29. Bf3 Nf5 30. Rc8 Nd6 31. Bd1 Rc4 32. Rd8 Ne4 33. Bb3 Rc7 34. Ne5 Nc5 35. Bc4 Kg7 36. d4 Be7 37. Ra8 Nd7 38. Nxd7 Rxc4 39. Nc5 e5 40. Ra4 Rc3 41. Kf1 h5 42. Kg2 exd4 43. exd4 Bxc5 44. dxc5 Rxc5 45. Rxa3 Rc2 46. h4 Rb2 47. Ra6 Rc2 48. Kf3 Rb2 49. Ke3 Rc2 50. Ra7 Kf6 51. Ra5 Rb2 52. Ra4 Rc2 53. Rf4+ Ke6 54. a4 Ra2 55. Kd3 f6 56. Kc3 g5 57. Kb3 Ra1 58. Rf3 gxh4 59. gxh4 Ke5 60. Kb4 f5 61. a5 Ra2 62. Ra3 Rxf2 63. a6 Rb2+ 64. Kc5 Rb8 65. a7 Ra8 66. Kb6 Kf4 67. Kb7 Rxa7+ 68. Kxa7 Kg4 69. Kb6 f4 70. Kc5 f3 71. Kd4 f2 72. Ra1 Kxh4 73. Ke3 Kg3 74. Rf1 h4 75. Rxf2 h3 76. Rf8 Kg2 77. Rg8+ Kf1 78. Rh8 Kg2 79. Rg8+ Kf1 80. Rf8+ Kg1 81. Kf3 h2 82. Rg8+ Kf1 83. Rh8 Kg1 84. Rxh2 Kxh2 85. Ke4 Kg3 86. Ke3 1/2-1/2

[Event "CAN-ch"]
[Site "Toronto CAN"]
[Date "2024.04.02"]
[Round "10.6"]
[White "Rusonik, Max"]
[Black "Ivanov, Mike"]
[Result "0-1"]
[WhiteElo "2196"]
[BlackElo "2374"]
[WhiteFideId "-1"]
[WhiteFideId "-1"]
[PlyCount "50"]
[GameId "2160767740051102"]
[EventDate "2024.03.27"]
[EventType "swiss"]
[EventRounds "10"]
[EventCountry "CAN"]
[WhiteClock "0:29:29"]
[BlackClock "0:32:03"]

1. e4 e6 2. d4 d5 3. e5 Ne7 4. Nf3 c5 5. c3 Nec6 6. h4 Nd7 7. h5 f6 8. Qe2 cxd4 9. cxd4 fxe5 10. dxe5 Bb4+ 11. Bd2 O-O 12. g3 Qc7 13. Bh3 Ndxe5 14. Nxe5 Nd4 15. Qg4 Qxe5+ 16. Kf1 Bc5 17. Nc3 Nc2 18. Bf4 Qd4 19. Qe2 Nxa1 20. Kg2 Qxf2+ 21. Qxf2 Bxf2 22. Rxa1 Bd4 23. Re1 e5 24. Bxe5 Bxh3+ 25. Kxh3 Rfe8 0-1

[Event "Bad Woerishofen op-A"]
[Site "Bad Woerishofen GER"]
[Date "2024.03.10"]
[Round "3.17"]
[White "Raitza, Olaf"]
[Black "Ivanov, Mike"]
[Result "0-1"]
[WhiteElo "2052"]
[BlackElo "2374"]
[WhiteFideId "-1"]
[WhiteFideId "-1"]
[PlyCount "44"]
[GameId "2130307546722162"]
[EventDate "2024.03.08"]
[EventType "swiss"]
[EventRounds "9"]
[EventCountry "GER"]
[SourceTitle "10 Days #753"]
[Source "ChessMix "]
[SourceDate "2024.03.20"]
[SourceVersion "1"]
[SourceVersionDate "2024.03.20"]
[SourceQuality "1"]

1. e4 d5 2. exd5 Nf6 3. d4 Nxd5 4. c4 Nb6 5. Nc3 e5 6. Nf3 Bg4 7. Be3 Bb4 8. dxe5 Nc6 9. Qc2 Bxf3 10. gxf3 Nxe5 11. Qe4 Qe7 12. c5 Bxc3+ 13. bxc3 f5 14. Qxb7 O-O 15. cxb6 f4 16. Qd5+ Kh8 17. Be2 fxe3 18. O-O exf2+ 19. Rxf2 axb6 20. f4 Ng6 21. Qc4 Nxf4 22. Rxf4 Qe3+ 0-1

[Event "Bad Woerishofen op-A"]
[Site "Bad Woerishofen GER"]
[Date "2024.03.12"]
[Round "5.5"]
[White "Ivanov, Mike"]
[Black "Kunin, Vitaly"]
[Result "0-1"]
[WhiteElo "2374"]
[BlackElo "2521"]
[WhiteFideId "-1"]
[WhiteFideId "-1"]
[PlyCount "100"]
[GameId "2130307546726279"]
[EventDate "2024.03.08"]
[EventType "swiss"]
[EventRounds "9"]
[EventCountry "GER"]
[SourceTitle "10 Days #753"]
[Source "ChessMix "]
[SourceDate "2024.03.20"]
[SourceVersion "1"]
[SourceVersionDate "2024.03.20"]
[SourceQuality "1"]

1. Nf3 Nf6 2. g3 b6 3. Bg2 Bb7 4. O-O e6 5. d3 Be7 6. e4 O-O 7. c4 c5 8. Nc3 d6 9. Qe2 Nc6 10. Rd1 a6 11. h3 Nd4 12. Nxd4 cxd4 13. Nb1 Nd7 14. Nd2 b5 15. Nb3 e5 16. Bd2 bxc4 17. dxc4 Rc8 18. Na5 Ba8 19. b4 Qe8 20. Rab1 Bd8 21. Nb3 f5 22. exf5 Bxg2 23. Kxg2 Qf7 24. Rbc1 Qxf5 25. Be1 Bg5 26. Rc2 Nb6 27. Na5 Bf6 28. Rcc1 e4 29. Qg4 Qxg4 30. hxg4 Na4 31. Bd2 Nb2 32. Rf1 Nd3 33. Rb1 Ne5 34. g5 Bd8 35. Nb3 Rxc4 36. Rbc1 d3 37. Rxc4 Nxc4 38. Bf4 Bb6 39. Rd1 d5 40. Nc5 Bxc5 41. bxc5 Rc8 42. Be3 Nxe3+ 43. fxe3 Kf7 44. Kf2 Ke6 45. Ke1 Kd7 46. Kd2 Rf8 47. c6+ Kc7 48. Rc1 Rf2+ 49. Kd1 d4 50. exd4 e3 0-1

[Event "Prague int. op"]
[Site "Prague CZE"]
[Date "2024.03.01"]
[Round "3.4"]
[White "Ivanov, Mike"]
[Black "Li, Di"]
[Result "0-1"]
[WhiteElo "2382"]
[BlackElo "2563"]
[WhiteFideId "-1"]
[WhiteFideId "-1"]
[PlyCount "80"]
[GameId "2130307546968568"]
[EventDate "2024.02.28"]
[EventType "swiss"]
[EventRounds "9"]
[EventCountry "CZE"]
[SourceTitle "10 Days #752"]
[Source "ChessMix"]
[SourceDate "2024.03.10"]
[SourceVersion "1"]
[SourceVersionDate "2024.03.10"]
[SourceQuality "1"]

1. Nf3 c5 2. c4 Nc6 3. Nc3 e5 4. e3 Nf6 5. d4 e4 6. Ne5 h5 7. a3 g6 8. Be2 Bg7 9. Nxc6 dxc6 10. dxc5 Qxd1+ 11. Bxd1 Bf5 12. Bc2 O-O-O 13. Bd2 Ng4 14. Rd1 Ne5 15. Bxe4 Be6 16. b3 Nd3+ 17. Ke2 Nxc5 18. Bc2 Rxd2+ 19. Kxd2 Rd8+ 20. Ke2 Bxc3 21. Rxd8+ Kxd8 22. f3 a5 23. Kf2 Bb2 24. b4 Na6 25. b5 Nc5 26. Rd1+ Kc7 27. b6+ Kc8 28. a4 Nd7 29. f4 Nxb6 30. Rb1 Nxc4 31. Bb3 Bf6 32. e4 Kc7 33. Rc1 b5 34. f5 gxf5 35. exf5 Bd5 36. Re1 Nb2 37. Bc2 bxa4 38. Be4 a3 39. Kf3 Nd3 40. Rd1 Bxe4+ 0-1

[Event "Prague int. op"]
[Site "Prague CZE"]
[Date "2024.03.06"]
[Round "8.11"]
[White "Ivanov, Mike"]
[Black "Kraus, Tomas"]
[Result "1/2-1/2"]
[WhiteElo "2382"]
[BlackElo "2497"]
[WhiteFideId "-1"]
[WhiteFideId "-1"]
[PlyCount "50"]
[GameId "2130307546972765"]
[EventDate "2024.02.28"]
[EventType "swiss"]
[EventRounds "9"]
[EventCountry "CZE"]
[SourceTitle "10 Days #752"]
[Source "ChessMix"]
[SourceDate "2024.03.10"]
[SourceVersion "1"]
[SourceVersionDate "2024.03.10"]
[SourceQuality "1"]

1. Nf3 d5 2. g3 Nd7 3. d4 b6 4. Bg2 Bb7 5. O-O Ngf6 6. c4 dxc4 7. Na3 g6 8. Nxc4 Bg7 9. b4 O-O 10. Bb2 Bd5 11. Qc2 Qb8 12. Rac1 Be4 13. Qb3 Qb7 14. Rfd1 Bd5 15. Qc2 Be4 16. Qb3 Bd5 17. Qc2 Rfc8 18. a4 a5 19. bxa5 bxa5 20. Ba3 c5 21. Qd3 cxd4 22. Qxd4 Qb3 23. Nfd2 Qb7 24. Nf3 Qb3 25. Nfd2 Qb7 1/2-1/2